[Event "World Chess Olympiad 2018"]
[Site "Batumi"]
[Date "2018.10.03"]
[Round "9"]
[Board "1"]
[WhiteFideId "3100197"]
[White "Almedina Ortiz Edgardo J."]
[BlackFideId "10800166"]
[Black "Magana Ben"]
[Result "1-0"]
[LiveChessVersion "1.4.8"]
[BlackElo "2074"]
[WhiteElo "2216"]

1. d4 {[%clk 1:29:06]} Nf6 {[%clk 1:29:14]} 2. c4 {[%clk 1:29:21]} g6
{[%clk 1:29:26]} 3. Nc3 {[%clk 1:20:03]} Bg7 {[%clk 1:29:25]} 4. e4
{[%clk 1:20:26]} d6 {[%clk 1:29:48]} 5. Nf3 {[%clk 1:19:49]} O-O {[%clk 1:30:06]}
6. h3 {[%clk 1:18:49]} e5 {[%clk 1:28:59]} 7. d5 {[%clk 1:19:24]} Nbd7
{[%clk 1:16:11]} 8. Be3 {[%clk 1:19:44]} Nc5 {[%clk 1:16:01]} 9. Nd2
{[%clk 1:15:59]} a5 {[%clk 1:09:58]} 10. Be2 {[%clk 1:13:48]} Nfd7
{[%clk 0:59:04]} 11. g4 {[%clk 1:06:24]} Nf6 {[%clk 0:57:01]} 12. Qc2
{[%clk 0:59:51]} Bd7 {[%clk 0:40:13]} 13. O-O-O {[%clk 0:54:29]} Na6 14. Nf1 Qe7
{[%clk 0:38:05]} 15. Ng3 {[%clk 0:53:33]} Rfc8 {[%clk 0:29:24]} 16. Qd2
{[%clk 0:50:55]} Ne8 {[%clk 0:18:16]} 17. Kb1 {[%clk 0:44:30]} Qf8 18. h4
{[%clk 0:33:19]} Nc5 {[%clk 0:06:20]} 19. h5 {[%clk 0:30:05]} c6 {[%clk 0:04:09]}
20. f3 {[%clk 0:19:04]} Nf6 {[%clk 0:01:54]} 21. Rdg1 {[%clk 0:10:44]} cxd5
{[%clk 0:01:51]} 22. cxd5 {[%clk 0:11:03]} Na4 {[%clk 0:00:44]} 23. Nxa4
{[%clk 0:09:08]} Bxa4 {[%clk 0:01:14]} 24. Bd1 {[%clk 0:08:01]} Bxd1
{[%clk 0:00:46]} 25. Rxd1 {[%clk 0:08:30]} Ne8 {[%clk 0:00:31]} 26. Qh2
{[%clk 0:07:50]} f6 {[%clk 0:00:32]} 27. Qd2 {[%clk 0:05:57]} g5 {[%clk 0:00:32]}
28. h6 {[%clk 0:05:35]} Bh8 {[%clk 0:00:32]} 29. Nf5 {[%clk 0:05:42]} Nc7
{[%clk 0:00:36]} 30. Rc1 {[%clk 0:05:45]} Na6 {[%clk 0:00:31]} 31. Rxc8
{[%clk 0:05:46]} Rxc8 {[%clk 0:00:42]} 32. Qxa5 {[%clk 0:06:03]} Nc5
{[%clk 0:00:46]} 33. Bxc5 {[%clk 0:05:39]} 1-0

[Event "World Chess Olympiad 2018"]
[Site "Batumi"]
[Date "2018.10.03"]
[Round "9"]
[Board "2"]
[WhiteFideId "10800360"]
[White "Singe Philip Mbawala"]
[BlackFideId "3105873"]
[Black "Mejias Nunez Rafael E."]
[Result "0-1"]
[LiveChessVersion "1.4.8"]
[BlackElo "1943"]
[WhiteElo "1845"]

1. e4 {[%clk 1:30:53]} c5 {[%clk 1:27:36]} 2. Nf3 {[%clk 1:31:20]} Nc6
{[%clk 1:27:51]} 3. d4 {[%clk 1:31:14]} cxd4 {[%clk 1:27:56]} 4. Nxd4
{[%clk 1:32:07]} Nf6 {[%clk 1:27:59]} 5. Nc3 {[%clk 1:32:28]} e5 {[%clk 1:28:24]}
6. Nb3 {[%clk 1:32:35]} Bb4 {[%clk 1:28:03]} 7. Bd3 {[%clk 1:32:09]} d5
{[%clk 1:28:25]} 8. exd5 {[%clk 1:32:17]} Nxd5 {[%clk 1:28:45]} 9. Bd2
{[%clk 1:32:40]} Nxc3 {[%clk 1:27:25]} 10. bxc3 {[%clk 1:28:41]} Be7
{[%clk 1:26:04]} 11. O-O {[%clk 1:26:21]} O-O {[%clk 1:24:27]} 12. Qe2
{[%clk 1:23:55]} Be6 {[%clk 1:23:31]} 13. Rfd1 {[%clk 1:24:11]} Qc7
{[%clk 1:22:47]} 14. Rf1 {[%clk 1:17:50]} f5 {[%clk 1:12:26]} 15. Bc4
{[%clk 1:15:54]} Nd8 {[%clk 1:08:37]} 16. Bxe6+ {[%clk 1:15:35]} Nxe6
{[%clk 1:09:05]} 17. f3 {[%clk 1:11:21]} Rad8 {[%clk 1:07:24]} 18. Rab1
{[%clk 1:10:47]} Bf6 {[%clk 1:06:59]} 19. g3 {[%clk 1:07:05]} Rf7
{[%clk 1:04:34]} 20. Rfd1 {[%clk 1:04:55]} Rfd7 {[%clk 1:04:40]} 21. Be1
{[%clk 1:02:14]} Qc6 {[%clk 0:59:36]} 22. Rxd7 {[%clk 0:50:19]} Rxd7
{[%clk 1:00:01]} 23. Rd1 {[%clk 0:43:20]} Rxd1 {[%clk 1:00:11]} 24. Qxd1
{[%clk 0:43:44]} Ng5 {[%clk 1:00:34]} 25. Kf2 {[%clk 0:38:39]} e4
{[%clk 0:57:20]} 26. Nd4 {[%clk 0:27:42]} Qd5 {[%clk 0:54:12]} 27. fxe4
{[%clk 0:20:18]} Nxe4+ {[%clk 0:52:06]} 28. Ke2 {[%clk 0:19:59]} Qe5
{[%clk 0:50:55]} 29. Kf1 {[%clk 0:19:07]} Qd5 {[%clk 0:48:11]} 30. Qd3
{[%clk 0:17:31]} Nd6 {[%clk 0:41:25]} 31. Nf3 {[%clk 0:13:09]} Qc6
{[%clk 0:39:29]} 32. Ke2 {[%clk 0:10:19]} Ne4 {[%clk 0:39:01]} 33. c4
{[%clk 0:10:27]} Qe6 {[%clk 0:38:05]} 34. Qd5 {[%clk 0:10:23]} Nc3+
{[%clk 0:38:29]} 0-1

[Event "World Chess Olympiad 2018"]
[Site "Batumi"]
[Date "2018.10.03"]
[Round "9"]
[Board "3"]
[WhiteFideId "3100715"]
[White "Diaz Montes Edwin"]
[BlackFideId "10802088"]
[Black "Ngani Victor"]
[Result "0-1"]
[LiveChessVersion "1.4.8"]
[BlackElo "2022"]
[WhiteElo "2034"]

1. Nf3 {[%clk 1:30:33]} d5 {[%clk 1:30:58]} 2. c4 {[%clk 1:30:54]} c6
{[%clk 1:31:27]} 3. g3 {[%clk 1:31:18]} Nf6 {[%clk 1:31:38]} 4. Bg2
{[%clk 1:31:41]} dxc4 {[%clk 1:31:59]} 5. Qc2 {[%clk 1:31:17]} b5
{[%clk 1:31:40]} 6. b3 {[%clk 1:30:26]} cxb3 {[%clk 1:26:41]} 7. axb3
{[%clk 1:30:40]} e6 {[%clk 1:26:56]} 8. O-O {[%clk 1:28:25]} Bb7 {[%clk 1:22:47]}
9. d4 {[%clk 1:28:33]} Nbd7 {[%clk 1:19:15]} 10. Rd1 {[%clk 1:18:45]} Qb6
{[%clk 1:15:56]} 11. Bd2 {[%clk 1:18:02]} a5 {[%clk 1:14:39]} 12. Nc3
{[%clk 1:14:13]} Bb4 {[%clk 1:07:16]} 13. e4 {[%clk 1:12:27]} c5 {[%clk 0:57:16]}
14. e5 {[%clk 1:10:08]} Nd5 {[%clk 0:48:14]} 15. Ne4 {[%clk 1:08:57]} cxd4
{[%clk 0:47:59]} 16. Bxb4 {[%clk 1:01:11]} Nxb4 {[%clk 0:48:17]} 17. Qb1
{[%clk 1:01:35]} O-O {[%clk 0:44:02]} 18. Rxd4 {[%clk 0:53:36]} Nxe5
{[%clk 0:36:28]} 19. Nfg5 {[%clk 0:53:46]} Ng6 {[%clk 0:29:04]} 20. Rd6
{[%clk 0:49:41]} Qc7 {[%clk 0:25:47]} 21. Qd1 {[%clk 0:46:51]} Bd5
{[%clk 0:25:17]} 22. Rc1 {[%clk 0:46:18]} Qe7 {[%clk 0:24:53]} 23. Rb6
{[%clk 0:43:40]} h6 {[%clk 0:23:48]} 24. Nh3 {[%clk 0:40:04]} Rfb8
{[%clk 0:23:15]} 25. Rxb8+ {[%clk 0:38:03]} Rxb8 {[%clk 0:23:42]} 26. Rc3
{[%clk 0:36:31]} Na2 {[%clk 0:21:35]} 27. Re3 {[%clk 0:36:06]} Rc8
{[%clk 0:20:27]} 28. Qd2 {[%clk 0:34:37]} Qa3 {[%clk 0:19:27]} 29. Bf1
{[%clk 0:29:47]} Rc1 {[%clk 0:15:46]} 30. Nc3 {[%clk 0:26:00]} Rxc3
{[%clk 0:13:45]} 31. Rxc3 {[%clk 0:26:18]} Nxc3 {[%clk 0:14:10]} 32. Qxc3
{[%clk 0:26:42]} Qxb3 {[%clk 0:13:12]} 33. Qxa5 {[%clk 0:26:53]} Qf3
{[%clk 0:12:08]} 0-1

[Event "World Chess Olympiad 2018"]
[Site "Batumi"]
[Date "2018.10.03"]
[Round "9"]
[Board "4"]
[WhiteFideId "10804714"]
[White "Methu Joseph Muragu"]
[BlackFideId "3100030"]
[Black "Freyre Forest Jorge"]
[Result "1-0"]
[LiveChessVersion "1.4.8"]
[BlackElo "2016"]
[WhiteElo "2041"]

1. d4 {[%clk 1:30:02]} e6 {[%clk 1:29:35]} 2. c4 {[%clk 1:30:27]} f5
{[%clk 1:29:40]} 3. Nc3 {[%clk 1:30:20]} Nf6 {[%clk 1:29:13]} 4. g3
{[%clk 1:30:20]} c6 {[%clk 1:27:38]} 5. Bg2 {[%clk 1:30:10]} d5 {[%clk 1:27:55]}
6. Nf3 {[%clk 1:28:43]} Bd6 {[%clk 1:24:09]} 7. O-O {[%clk 1:28:47]} O-O
{[%clk 1:24:19]} 8. Qb3 {[%clk 1:28:19]} a5 {[%clk 1:13:46]} 9. Ne5
{[%clk 1:22:41]} Ne4 {[%clk 1:02:33]} 10. cxd5 {[%clk 1:19:08]} Nxc3
{[%clk 1:00:00]} 11. bxc3 {[%clk 1:19:05]} a4 {[%clk 0:57:51]} 12. Qc2
{[%clk 1:18:20]} exd5 {[%clk 0:53:08]} 13. f4 {[%clk 1:15:56]} Be6
{[%clk 0:51:08]} 14. Rb1 {[%clk 1:15:16]} b5 {[%clk 0:49:03]} 15. Be3
{[%clk 1:13:25]} Qc7 {[%clk 0:47:06]} 16. Qd3 {[%clk 1:12:47]} Nd7
{[%clk 0:46:21]} 17. Kh1 {[%clk 1:10:45]} Rab8 {[%clk 0:43:07]} 18. Bf3
{[%clk 1:09:25]} Nf6 {[%clk 0:38:37]} 19. Rg1 {[%clk 1:08:16]} Ng4
{[%clk 0:37:23]} 20. h3 {[%clk 1:03:12]} Nxe3 {[%clk 0:34:01]} 21. Qxe3
{[%clk 0:57:45]} Rbe8 {[%clk 0:28:22]} 22. Qd2 {[%clk 0:55:40]} Bxe5
{[%clk 0:23:41]} 23. fxe5 {[%clk 0:53:12]} Qe7 {[%clk 0:23:04]} 24. Rbf1
{[%clk 0:51:01]} Kh8 {[%clk 0:22:55]} 25. Rf2 {[%clk 0:48:51]} g5
{[%clk 0:21:56]} 26. Rgf1 {[%clk 0:46:10]} Qg7 {[%clk 0:20:57]} 27. Kg1
{[%clk 0:43:00]} Qh6 {[%clk 0:17:29]} 28. Bg2 {[%clk 0:42:04]} Qg7
{[%clk 0:16:15]} 29. Qc1 {[%clk 0:39:28]} Rg8 {[%clk 0:14:55]} 30. Qa3
{[%clk 0:35:58]} Qd7 {[%clk 0:14:06]} 31. Qc5 {[%clk 0:34:44]} Rc8
{[%clk 0:12:07]} 32. g4 {[%clk 0:31:46]} f4 {[%clk 0:09:38]} 33. e3
{[%clk 0:25:19]} Rcf8 {[%clk 0:08:42]} 34. exf4 {[%clk 0:25:33]} gxf4
{[%clk 0:09:03]} 35. Rxf4 {[%clk 0:24:37]} Rxf4 {[%clk 0:09:25]} 36. Rxf4
{[%clk 0:25:03]} h5 {[%clk 0:09:15]} 37. Rf6 {[%clk 0:20:20]} hxg4
{[%clk 0:07:41]} 38. h4 {[%clk 0:18:30]} g3 {[%clk 0:07:07]} 39. Qa3
{[%clk 0:17:30]} Rg7 {[%clk 0:05:51]} 40. Qf8+ {[%clk 0:42:39]} 1-0

[Event "World Chess Olympiad 2018"]
[Site "Batumi"]
[Date "2018.10.03"]
[Round "9"]
[Board "1"]
[WhiteFideId "19700261"]
[White "Drayton Anthony"]
[BlackFideId "15900711"]
[Black "Tromp Hubert Randolf"]
[Result "1-0"]
[LiveChessVersion "1.4.8"]
[BlackElo "1674"]
[WhiteElo "2024"]

1. e4 {[%clk 1:30:37]} c5 {[%clk 1:30:52]} 2. Nc3 {[%clk 1:31:02]} g6
{[%clk 1:31:15]} 3. d4 {[%clk 1:31:16]} cxd4 {[%clk 1:31:36]} 4. Qxd4
{[%clk 1:31:38]} Nf6 {[%clk 1:31:54]} 5. Bb5 {[%clk 1:31:41]} Nc6
{[%clk 1:25:50]} 6. Bxc6 {[%clk 1:32:00]} dxc6 {[%clk 1:26:17]} 7. Qxd8+
{[%clk 1:32:19]} Kxd8 {[%clk 1:12:49]} 8. Bf4 {[%clk 1:32:21]} Ke8
{[%clk 1:10:31]} 9. Nf3 {[%clk 1:31:03]} Nh5 {[%clk 0:56:53]} 10. Bc7
{[%clk 1:29:11]} Bh6 {[%clk 0:54:37]} 11. Rd1 {[%clk 1:29:19]} Be6
{[%clk 0:55:00]} 12. O-O {[%clk 1:26:05]} Bf4 {[%clk 0:54:50]} 13. Bxf4
{[%clk 1:25:47]} Nxf4 {[%clk 0:55:14]} 14. g3 {[%clk 1:25:38]} Nh5
{[%clk 0:53:11]} 15. Nd4 {[%clk 1:25:22]} Ng7 {[%clk 0:53:20]} 16. b3
{[%clk 1:24:44]} Rd8 {[%clk 0:47:03]} 17. Rd3 {[%clk 1:23:26]} c5
{[%clk 0:43:29]} 18. Ndb5 {[%clk 1:23:32]} Rxd3 {[%clk 0:43:26]} 19. cxd3
{[%clk 1:23:59]} a6 {[%clk 0:43:45]} 20. Nc7+ {[%clk 1:23:25]} Kd7
{[%clk 0:38:25]} 21. N7d5 {[%clk 1:23:21]} Bxd5 {[%clk 0:36:21]} 22. Nxd5
{[%clk 1:23:41]} e6 {[%clk 0:27:52]} 23. Nb6+ {[%clk 1:23:56]} Kc7
{[%clk 0:28:18]} 24. Na4 {[%clk 1:23:14]} b6 {[%clk 0:23:12]} 25. f4
{[%clk 1:23:25]} Rd8 {[%clk 0:23:08]} 26. Rf3 {[%clk 1:22:56]} Rd4
{[%clk 0:20:36]} 27. a3 {[%clk 1:22:06]} f5 {[%clk 0:18:55]} 28. e5
{[%clk 1:22:23]} h5 {[%clk 0:18:06]} 29. Kf2 {[%clk 1:22:39]} Kc6
{[%clk 0:16:49]} 30. Ke3 {[%clk 1:22:44]} Ne8 {[%clk 0:16:49]} 31. Rf1
{[%clk 1:22:37]} Nc7 {[%clk 0:16:58]} 32. Nc3 {[%clk 1:22:36]} Nd5+
{[%clk 0:15:54]} 33. Nxd5 {[%clk 1:22:42]} Kxd5 {[%clk 0:16:17]} 34. h3
{[%clk 1:22:09]} b5 {[%clk 0:16:17]} 35. Rc1 {[%clk 1:22:24]} c4 {[%clk 0:16:10]}
36. dxc4+ {[%clk 1:22:08]} bxc4 {[%clk 0:16:37]} 37. bxc4+ {[%clk 1:22:17]} Rxc4
{[%clk 0:17:04]} 38. Rd1+ {[%clk 1:22:28]} Kc5 {[%clk 0:17:12]} 39. Rd6
{[%clk 1:20:22]} Rc3+ {[%clk 0:15:53]} 40. Kf2 {[%clk 1:50:46]} Rc2+
{[%clk 0:45:29]} 41. Ke1 {[%clk 1:51:03]} Rc3 {[%clk 0:45:11]} 42. Rxe6
{[%clk 1:50:58]} Rxg3 {[%clk 0:45:00]} 43. Rxa6 {[%clk 1:50:57]} Rxh3
{[%clk 0:38:17]} 44. Kf2 {[%clk 1:51:10]} Rd3 {[%clk 0:38:18]} 45. Rxg6
{[%clk 1:50:45]} Rxa3 {[%clk 0:37:48]} 46. Rg5 {[%clk 1:50:52]} Kd5
{[%clk 0:34:03]} 47. Rxf5 {[%clk 1:50:48]} Ke4 {[%clk 0:34:19]} 48. Rf6
{[%clk 1:50:59]} h4 {[%clk 0:34:32]} 49. Kg2 {[%clk 1:50:53]} Rg3+
{[%clk 0:33:08]} 50. Kh2 {[%clk 1:51:08]} Kd5 {[%clk 0:27:35]} 51. e6
{[%clk 1:51:20]} Re3 {[%clk 0:26:52]} 52. f5 {[%clk 1:51:30]} Kd6
{[%clk 0:27:00]} 53. Rf7 {[%clk 1:51:51]} h3 {[%clk 0:26:35]} 54. Rh7
{[%clk 1:51:34]} Re5 {[%clk 0:26:04]} 55. Rd7+ {[%clk 1:51:25]} Kc6
{[%clk 0:26:04]} 56. Rf7 {[%clk 1:51:45]} Kd6 {[%clk 0:26:26]} 57. Kxh3
{[%clk 1:52:02]} Re4 {[%clk 0:26:29]} 58. Kg3 {[%clk 1:52:15]} Rb4
{[%clk 0:19:44]} 59. e7 {[%clk 1:52:04]} Re4 {[%clk 0:19:23]} 60. f6
{[%clk 1:52:27]} Kd7 {[%clk 0:19:47]} 61. Rf8 {[%clk 1:51:57]} Re1
{[%clk 0:10:38]} 62. Rd8+ {[%clk 1:51:57]} 1-0

[Event "World Chess Olympiad 2018"]
[Site "Batumi"]
[Date "2018.10.03"]
[Round "9"]
[Board "2"]
[WhiteFideId "1007220"]
[White "Croes Octavio"]
[BlackFideId "19700024"]
[Black "Khan Taffin"]
[Result "1/2-1/2"]
[LiveChessVersion "1.4.8"]
[BlackElo "1900"]
[WhiteElo "1805"]

1. d4 {[%clk 1:30:51]} Nf6 {[%clk 1:30:53]} 2. Nf3 {[%clk 1:31:14]} g6
{[%clk 1:31:08]} 3. g3 {[%clk 1:31:33]} Bg7 {[%clk 1:31:18]} 4. Bg2
{[%clk 1:31:59]} O-O {[%clk 1:31:41]} 5. O-O {[%clk 1:32:25]} d6 {[%clk 1:32:03]}
6. c4 {[%clk 1:32:47]} Nbd7 {[%clk 1:32:24]} 7. Nc3 {[%clk 1:33:11]} c5
{[%clk 1:31:50]} 8. e4 {[%clk 1:31:34]} Ng4 {[%clk 1:24:28]} 9. h3
{[%clk 1:25:49]} cxd4 {[%clk 1:24:48]} 10. Nxd4 {[%clk 1:25:33]} Nge5
{[%clk 1:25:04]} 11. b3 {[%clk 1:17:39]} Nc6 {[%clk 1:22:59]} 12. Nxc6
{[%clk 1:14:33]} bxc6 {[%clk 1:23:22]} 13. Bb2 {[%clk 1:14:44]} Bb7
{[%clk 1:21:19]} 14. Qc2 {[%clk 1:13:13]} Qc7 {[%clk 1:21:32]} 15. Rae1
{[%clk 1:10:35]} Nc5 {[%clk 1:21:30]} 16. Nd1 {[%clk 0:59:06]} e5
{[%clk 1:21:16]} 17. f4 {[%clk 0:57:47]} f6 {[%clk 1:19:57]} 18. fxe5
{[%clk 0:52:12]} fxe5 {[%clk 1:20:06]} 19. Qe2 {[%clk 0:52:16]} Ne6
{[%clk 1:18:46]} 20. Qg4 {[%clk 0:48:36]} Rae8 {[%clk 1:18:16]} 21. Kh2
{[%clk 0:47:15]} Bc8 {[%clk 1:14:20]} 22. Qe2 {[%clk 0:45:00]} Nd4
{[%clk 1:13:11]} 23. Qd2 {[%clk 0:41:51]} Be6 {[%clk 1:12:47]} 24. Ne3
{[%clk 0:41:33]} Rxf1 {[%clk 1:09:12]} 25. Rxf1 {[%clk 0:41:15]} Rf8
{[%clk 1:08:13]} 26. Rxf8+ {[%clk 0:38:03]} Kxf8 {[%clk 1:08:34]} 27. c5
{[%clk 0:34:20]} Kg8 {[%clk 1:08:19]} 28. cxd6 {[%clk 0:32:59]} Qxd6
{[%clk 1:08:37]} 29. Qa5 {[%clk 0:31:59]} Nb5 {[%clk 0:58:39]} 30. Nc4
{[%clk 0:26:30]} Qb8 {[%clk 0:51:09]} 31. Qb4 {[%clk 0:23:08]} Bf8
{[%clk 0:45:23]} 32. Bxe5 {[%clk 0:22:57]} Qe8 {[%clk 0:45:44]} 33. Bd6
{[%clk 0:19:33]} Nxd6 {[%clk 0:37:50]} 34. Nxd6 {[%clk 0:19:53]} Qd8
{[%clk 0:38:16]} 35. e5 {[%clk 0:17:21]} Qg5 {[%clk 0:38:33]} 36. Qf4
{[%clk 0:15:19]} Qxf4 {[%clk 0:36:11]} 37. gxf4 {[%clk 0:15:43]} Bxd6
{[%clk 0:36:33]} 38. exd6 {[%clk 0:15:59]} Bd7 {[%clk 0:36:59]} 39. Bf1
{[%clk 0:15:27]} Kf8 {[%clk 0:37:19]} 40. Bc4 {[%clk 0:45:29]} Ke8
{[%clk 1:07:40]} 41. h4 {[%clk 0:45:48]} Bf5 {[%clk 1:07:49]} 42. Bg8
{[%clk 0:43:42]} h5 {[%clk 1:08:02]} 43. Kg3 {[%clk 0:42:52]} Kd7
{[%clk 1:08:25]} 44. Kf3 {[%clk 0:43:08]} Kxd6 {[%clk 1:08:46]} 45. b4
{[%clk 0:43:28]} c5 {[%clk 1:04:53]} 46. a3 {[%clk 0:43:45]} Kc6 {[%clk 0:59:53]}
47. Bc4 {[%clk 0:43:56]} Bb1 {[%clk 1:00:06]} 48. Ke3 {[%clk 0:43:57]} Bc2
{[%clk 0:59:49]} 49. Kf3 {[%clk 0:44:09]} Bf5 {[%clk 0:52:22]} 50. Ke3
{[%clk 0:44:24]} Kd6 {[%clk 0:52:32]} 51. Kf3 {[%clk 0:44:30]} cxb4
{[%clk 0:50:22]} 52. axb4 {[%clk 0:43:45]} Be6 {[%clk 0:44:22]} 53. Bd3
{[%clk 0:33:59]} Bf5 {[%clk 0:42:28]} 54. Bc4 {[%clk 0:34:21]} Ke7
{[%clk 0:35:39]} 55. Ke3 {[%clk 0:34:39]} Kf6 {[%clk 0:34:38]} 56. Ba6
{[%clk 0:33:23]} 1/2-1/2

[Event "World Chess Olympiad 2018"]
[Site "Batumi"]
[Date "2018.10.03"]
[Round "9"]
[Board "3"]
[WhiteFideId "19700083"]
[White "Nathoo Loris"]
[BlackFideId "15900037"]
[Black "Pesqueira Jose"]
[Result "1/2-1/2"]
[LiveChessVersion "1.4.8"]
[BlackElo "1801"]
[WhiteElo "1665"]

1. e4 {[%clk 1:30:58]} e5 {[%clk 1:30:04]} 2. Nf3 {[%clk 1:31:22]} Nc6
{[%clk 1:30:29]} 3. Bc4 {[%clk 1:31:44]} Bc5 {[%clk 1:30:30]} 4. c3
{[%clk 1:31:03]} Nf6 {[%clk 1:30:33]} 5. O-O {[%clk 1:30:40]} O-O
{[%clk 1:30:15]} 6. d4 {[%clk 1:30:45]} exd4 {[%clk 1:29:43]} 7. cxd4
{[%clk 1:31:05]} Be7 {[%clk 1:27:00]} 8. e5 {[%clk 1:27:32]} Ne4 {[%clk 1:24:45]}
9. Bd3 {[%clk 1:26:42]} d5 {[%clk 1:08:39]} 10. exd6 {[%clk 1:14:38]} Nxd6
{[%clk 1:08:20]} 11. a3 {[%clk 1:12:15]} Bf5 {[%clk 0:51:15]} 12. Be3
{[%clk 1:11:07]} Bf6 {[%clk 0:46:16]} 13. Nc3 {[%clk 1:08:20]} Ne7
{[%clk 0:28:15]} 14. Qc2 {[%clk 1:05:21]} c6 {[%clk 0:15:45]} 15. Rfd1
{[%clk 1:03:21]} Qc8 {[%clk 0:09:59]} 16. Bf4 {[%clk 1:02:19]} Bxd3
{[%clk 0:09:40]} 17. Qxd3 {[%clk 1:02:30]} Rd8 {[%clk 0:08:37]} 18. Rac1
{[%clk 0:48:15]} Qf5 {[%clk 0:08:35]} 19. Be5 {[%clk 0:30:08]} Qxd3
{[%clk 0:08:56]} 20. Rxd3 {[%clk 0:30:03]} Bxe5 {[%clk 0:07:40]} 21. Nxe5
{[%clk 0:18:39]} f6 {[%clk 0:07:47]} 22. Nf3 {[%clk 0:17:31]} Nc4
{[%clk 0:07:43]} 23. Nd1 {[%clk 0:13:47]} Nb6 {[%clk 0:08:02]} 24. Ne3
{[%clk 0:12:51]} Rd7 {[%clk 0:07:42]} 25. b3 {[%clk 0:09:53]} Rad8
{[%clk 0:08:07]} 26. g3 {[%clk 0:08:44]} Nbd5 {[%clk 0:08:07]} 27. Kf1
{[%clk 0:06:41]} Kf7 {[%clk 0:08:35]} 28. Re1 {[%clk 0:06:19]} g5
{[%clk 0:08:30]} 29. Nc2 {[%clk 0:04:43]} h6 {[%clk 0:07:23]} 30. Nd2
{[%clk 0:04:43]} Nf5 {[%clk 0:06:18]} 31. Ne4 {[%clk 0:03:42]} b6
{[%clk 0:05:58]} 32. Ne3 {[%clk 0:03:01]} Ndxe3+ {[%clk 0:05:36]} 33. fxe3
{[%clk 0:03:16]} c5 {[%clk 0:05:28]} 34. g4 {[%clk 0:02:47]} Nh4 {[%clk 0:05:14]}
35. Red1 {[%clk 0:02:27]} f5 {[%clk 0:04:33]} 36. Nf2 {[%clk 0:02:42]} cxd4
{[%clk 0:02:20]} 37. gxf5 {[%clk 0:02:00]} Nxf5 {[%clk 0:02:45]} 38. Ng4
{[%clk 0:02:01]} Ke6 {[%clk 0:03:11]} 39. e4 {[%clk 0:01:09]} Nh4
{[%clk 0:01:39]} 40. Nxh6 {[%clk 0:30:48]} Ke5 {[%clk 0:31:42]} 41. Ng4+
{[%clk 0:29:43]} Ke6 {[%clk 0:23:33]} 42. Nf2 {[%clk 0:17:12]} Ng6
{[%clk 0:18:51]} 43. Rg3 {[%clk 0:15:12]} Kf6 {[%clk 0:14:59]} 44. Nh3
{[%clk 0:14:04]} 1/2-1/2

[Event "World Chess Olympiad 2018"]
[Site "Batumi"]
[Date "2018.10.03"]
[Round "9"]
[Board "4"]
[WhiteFideId "15900509"]
[White "Diaz Brian"]
[BlackFideId "19700130"]
[Black "Corlette Glenford"]
[Result "1-0"]
[LiveChessVersion "1.4.8"]
[BlackElo "1653"]
[WhiteElo "1737"]

1. c4 {[%clk 1:30:59]} e5 {[%clk 1:30:30]} 2. g3 {[%clk 1:31:27]} Nc6
{[%clk 1:29:08]} 3. Bg2 {[%clk 1:31:54]} g6 {[%clk 1:29:05]} 4. Nc3
{[%clk 1:32:08]} Bg7 {[%clk 1:29:10]} 5. Rb1 {[%clk 1:31:25]} Nge7
{[%clk 1:28:33]} 6. b4 {[%clk 1:31:39]} O-O {[%clk 1:26:29]} 7. e3
{[%clk 1:31:04]} d6 {[%clk 1:25:03]} 8. b5 {[%clk 1:30:35]} Na5 {[%clk 1:23:42]}
9. Qa4 {[%clk 1:27:54]} c6 {[%clk 1:23:59]} 10. Ba3 {[%clk 1:27:31]} c5
{[%clk 1:21:39]} 11. d3 {[%clk 1:17:50]} f5 {[%clk 1:21:11]} 12. Nd5
{[%clk 1:17:57]} Nxd5 {[%clk 1:20:43]} 13. Bxd5+ {[%clk 1:18:25]} Kh8
{[%clk 1:21:02]} 14. Bc1 {[%clk 1:17:44]} Rb8 {[%clk 1:14:52]} 15. Bd2
{[%clk 1:15:06]} b6 {[%clk 1:15:12]} 16. Bxa5 {[%clk 1:15:17]} bxa5
{[%clk 1:15:31]} 17. Ne2 {[%clk 1:08:24]} Bd7 {[%clk 1:04:16]} 18. Qc2
{[%clk 0:59:38]} Qg5 {[%clk 1:00:53]} 19. h4 {[%clk 0:42:12]} Qf6
{[%clk 1:00:33]} 20. f4 {[%clk 0:38:40]} Rbe8 {[%clk 0:59:40]} 21. Kf2
{[%clk 0:37:14]} Qe7 {[%clk 0:52:19]} 22. Rbe1 {[%clk 0:34:47]} exf4
{[%clk 0:46:24]} 23. Nxf4 {[%clk 0:35:13]} Be5 {[%clk 0:46:01]} 24. h5
{[%clk 0:31:48]} Kg7 {[%clk 0:44:05]} 25. Qe2 {[%clk 0:21:07]} g5
{[%clk 0:43:11]} 26. h6+ {[%clk 0:18:36]} Kh8 {[%clk 0:43:09]} 27. Nh3
{[%clk 0:11:04]} Qf6 {[%clk 0:39:48]} 28. Qh5 {[%clk 0:06:20]} f4
{[%clk 0:39:05]} 29. gxf4 {[%clk 0:03:20]} Bxh3 {[%clk 0:38:34]} 30. Rxh3
{[%clk 0:02:39]} gxf4 {[%clk 0:38:22]} 31. Rf3 {[%clk 0:00:32]} fxe3+
{[%clk 0:33:10]} 32. Ke2 {[%clk 0:00:46]} Qe7 {[%clk 0:32:39]} 33. Ref1
{[%clk 0:00:49]} Rxf3 {[%clk 0:24:54]} 34. Qxf3 {[%clk 0:01:16]} Bd4
{[%clk 0:22:26]} 35. Qf5 {[%clk 0:01:00]} a4 {[%clk 0:21:57]} 36. Rf4
{[%clk 0:01:07]} Be5 {[%clk 0:21:53]} 37. Rf3 {[%clk 0:00:55]} a3
{[%clk 0:21:18]} 38. Rf1 {[%clk 0:00:36]} Bg3 {[%clk 0:21:02]} 39. Rf3
{[%clk 0:00:37]} Be5 {[%clk 0:20:34]} 40. Rf1 {[%clk 0:30:34]} Bd4
{[%clk 0:49:09]} 41. Rf4 {[%clk 0:22:13]} Be5 {[%clk 0:48:57]} 42. Rf3
{[%clk 0:20:29]} Bd4 {[%clk 0:47:00]} 43. Be6 {[%clk 0:08:51]} Qxe6
{[%clk 0:45:40]} 44. Qxe6 {[%clk 0:09:20]} Rg8 {[%clk 0:45:26]} 45. Qh3
{[%clk 0:09:29]} Re8 {[%clk 0:44:12]} 46. Qf1 {[%clk 0:09:12]} Kg8
{[%clk 0:44:19]} 47. Rg3+ {[%clk 0:09:29]} Kh8 {[%clk 0:44:32]} 48. Qf7
{[%clk 0:09:52]} Be5 1-0